特殊傳說 . 恆遠之晝篇 . II

資料類型: Book 圖書   書目號:49749

Leader xxxxxxxxxx
001 __ PCLIS00049749
005 __ 20211209084858.0
010 0_ |a978-986-319-171-1|b第1冊 : 平裝|dNT$240
010 0_ |a978-986-319-200-8|b第2冊 : 平裝|dNT$240
010 0_ |a978-986-319-227-5|b第3冊 : 平裝|dNT$240
010 0_ |a978-986-319-267-1|b第4冊 : 平裝|dNT$240
010 0_ |a978-986-319-341-8|b第5冊 : 平裝|dNT$240
010 0_ |a978-986-319-358-6|b第6冊 : 平裝|dNT$240
010 0_ |a978-986-319-391-3|b第7冊 : 平裝|dNT$240
010 0_ |a978-986-319-434-7|b第8冊 : 平裝|dNT$240
010 0_ |a978-986-319-458-3|b第9冊 : 平裝|dNT$240
010 0_ |a978-986-319-486-6|b第10冊 : 平裝|dNT$280
100 __ |a20160421g20152020m  y0chiy09      e
101 0_ |achi
102 __ |atw
105 __ |aaf  z   000ay
200 1_ |a特殊傳說|hII|i恆遠之晝篇|f護玄著|g紅麟插畫
205 __ |a初版
210 __ |a臺北市|c蓋亞文化出版|a新北市|c聯合發行總經銷|d2015-2020[民104-109]
215 0_ |a10冊|c圖, 彩摺圖|d20公分|e1冊首刷特典
225 2_ |a悅讀館|vRE325-RE330, RE348--RE350
300 __ |a封面英文題名: The unique legend
300 __ |a第10冊附首刷特典「完結紀念特典.白與黑」
410 _0 |12001 |a悅讀館
517 1_ |aThe unique legend|zeng
517 1_ |a恆遠之晝篇|zchi
606 __ |2cst|a長篇小說
681 __ |a857.7|b862
700 _0 |a護玄|4702 _0 |a紅麟|4插畫
801 _0 |atw|bLibDipper|c20170410|gCCR
801 _0 |atw|b內湖高中|c20160421|gCCR
801 _2 |atw|b內湖高中|c20210512|gCCR
詳細館藏 1-10 筆 (共 10 筆)
索 書 號登 錄 號冊次號館別 / 館藏地流通類型狀態加入預約清單電子資源
857.7 / 862 1023520 v.1 圖書館 / 一樓輕小說專區 可外借30天 在館   
857.7 / 862 1023521 v.2 圖書館 / 一樓輕小說專區 可外借30天 在館   
857.7 / 862 1024543 v.3 圖書館 / 一樓輕小說專區 可外借30天 在館   
857.7 / 862 1025606 v.4 圖書館 / 一樓輕小說專區 可外借30天 在館   
857.7 / 862 1025607 v.5 圖書館 / 一樓輕小說專區 可外借30天 在館   
857.7 / 862 1025608 v.6 圖書館 / 一樓輕小說專區 可外借30天 在館   
857.7 / 862 1025889 v.7 圖書館 / 一樓輕小說專區 可外借30天 在館   
857.7 / 862 1026431 v.9 圖書館 / 一樓輕小說專區 可外借30天 在館   
857.7 / 862 1027265 v.8 圖書館 / 一樓輕小說專區 可外借30天 在館   
857.7 / 862 1027266 v.10 圖書館 / 一樓輕小說專區 可外借30天 在館   

| 條列資料




目錄查詢 分類查詢 個人資料 圖書薦購 新書查詢 閉館日 排行榜 更多電子資源 Hami書城 線上資料庫 登出

From : 216.73.217.52

  本日流通累計至 12:45:13 借閱 : 0 次 續借 : 0 次 歸還 : 0 次 預約 : 0 次 電子資源 : 0 次


內湖高中圖書館  PCLIS 版本  26.5.0.12